Qin quan xing wei sun hai pei chang an li xuan ji.
Saved in:
| Corporate Author: | |
|---|---|
| Format: | Book |
| Language: | Chinese |
| Published: |
Taibei :
Fa wu pu,
Minguo 70 [1981]
|
| Subjects: | |
| Tags: |
Add Tag
No Tags, Be the first to tag this record!
|
| LEADER | 00810cam a2200229Ki 4500 | ||
|---|---|---|---|
| 001 | 007795376-2 | ||
| 005 | 20101202160609.0 | ||
| 008 | 980520s1981 cc 000 0 chi d | ||
| 035 | 0 | |a ocm39151779 | |
| 040 | |a YNH |c YNH |d OCLCQ |d HMY | ||
| 245 | 0 | 0 | |6 880-01 |a Qin quan xing wei sun hai pei chang an li xuan ji. |
| 260 | |6 880-02 |a Taibei : |b Fa wu pu, |c Minguo 70 [1981] | ||
| 300 | |a 188 p. ; |c 21 cm. | ||
| 650 | 0 | |a Torts |z Taiwan |v Cases. | |
| 650 | 0 | |a Compensation (Law) |z Taiwan |v Cases. | |
| 710 | 1 | |6 880-03 |a China (Republic : 1949- ). |b Fa wu pu. |b Fa lü shi wu si. | |
| 880 | 0 | 0 | |6 245-01 |a 侵權行為損害賠償案例選輯. |
| 880 | |6 260-02 |a 台北 : |b 法務部, |c 民國70 [1981] | ||
| 880 | 1 | |6 710-03 |a China (Republic : 1949- ). |b 法務部. |b 法律事務司. | |
| 988 | |a 20021121 | ||
| 049 | |a HMYH |o d | ||
| 906 | |0 MH | ||


